LEGO Transformers: Figures by Picture - Statistics

General Stats
  • This quiz has been taken 36 times
  • The average score is 4 of 5
Answer Stats
Picture Answer % Correct
Bumblebee
100%
Optimus Prime
100%
Soundwave
94%
Laserbeak
78%
Ravage
75%
No matching quizzes found
Score Distribution
Percent of People with Each Score
Percentile by Number Answered
Your Score History
You have not taken this quiz